Metódy ohodnocovania podniku a ich výber pre praktické použitie diplomová práca

Salvato in:
Dettagli Bibliografici
Autore principale: Tátoš, Jerguš
Ente Autore: Fakulta podnikového manažmentu EU. Katedra podnikových financií
Altri autori: Harumová, Anna, 1955-
Natura: Libro
Lingua:slovacco
Pubblicazione: Bratislava 2017
Tags: Aggiungi Tag
Nessun Tag, puoi essere il primo ad aggiungerne!!

MARC

LEADER 00000nbm a2200000 4500
001 0232254
005 20171018102838.3
041 0 |a slo 
044 |a SK 
245 1 0 |a Metódy ohodnocovania podniku a ich výber pre praktické použitie  |b diplomová práca  |c Jerguš Tátoš ; školiteľ: Anna Harumová 
264 1 |a Bratislava  |c 2017 
300 |a 91 s. 
100 1 |a Tátoš, Jerguš 
700 1 |a Harumová, Anna, 1955- 
710 2 |a Fakulta podnikového manažmentu EU. Katedra podnikových financií